000 00607nam a2200205Ia 4500
005 20250508165010.0
008 008 250505s9999 xx 000 0 eng d
020 _a978-0-415-46898-5
037 _aTextual
040 _aFEDL
_beng
_cFEDL
041 _aeng
_2eng
084 _a420.72, SEA
_qFEDL
100 _aSealey Alison
_918850
245 0 _aResearching english language : A resource book for students
260 _aLondon, UK
_bRoutledge Taylor and Francis Group
_c2010
300 _aix,248p.
365 _aGBP
_b17.99
942 _cTEXL
_h420.72, SEA
999 _c1392567
_d1392567